000 00644nam a2200229Ia 4500
003 OSt
005 20220926014621.0
006 a|||||r|||| 00| 0
007 ta
008 220923b |||||||| |||| 00| 0 eng d
037 _cGeneral Book
040 _aRTL
_cRTL
_beng
041 _2eng
_aeng
082 _aD6,9(B), K6
100 _aWeinberg Gerald M
_9319188
245 0 _aPL/1 programming primer
260 _aNew York
_bMcGraw-Hill Book Co. USA
_c1966
300 _aix, 278p. Bibliography P 273
_ccm.
650 _aComputer Science
942 _hD6,9(B), K6
_cGB
_2CC
999 _c629494
_d629494